| 000 | 01537nam a2200121Ia 4500 | ||
|---|---|---|---|
| 008 | 220615s9999||||xx |||||||||||||| ||und|| | ||
| 245 | 0 | _aComputer-Aided Manufacturing and Design | |
| 546 | _aEnglish[eng] | ||
| 650 | _aproduct service system (PSS)||availability||field repair kit||gradient-based algorithm||robust genetic algorithm||warpage||design of experiments||fringe pattern||birefringence||automatic design||intelligent optimization method||CFD||fluid machinery||pumps||multi-function console||data-driven design||mismatch equation||anthropometric measures||algorithmic approach||optimal design||stretchable antenna-based strain sensor||structural optimization||structural health monitoring||dimension reduction||entropy-based correlation coefficient||multidisciplinary design and analysis||uncertainty-integrated and machine learning-based surrogate modeling||additive manufacturing||complexity||modular design||part consolidation||product recovery||product image design||Kansei Engineering||integrated decision system||qualitative decision model||quantitative decision model||train seats||measurement-assisted assembly||coordination space||assemblability||small displacement torsor||Kriging||lower confidence bounding||entropy theory||product design||simulation-based design optimization||convolutional neural network||object detection||piping and instrument diagram||unsupervised learning||n/a | ||
| 700 | _aChoi, Seung-Kyum||Gorguluarslan, Recep M.||Zhou, Qi | ||
| 856 | _uhttps://mdpi.com/books/pdfview/book/3109 | ||
| 942 | _cEB | ||
| 999 |
_c15489 _d15489 |
||